पर्यावरण और प्रदूषण / (Record no. 119395)

MARC details
000 -LEADER
fixed length control field 01203nam a22002537a 4500
005 - DATE AND TIME OF LATEST TRANSACTION
control field 20170124103133.0
010 ## - LIBRARY OF CONGRESS CONTROL NUMBER
LC control number B-246001
020 ## - INTERNATIONAL STANDARD BOOK NUMBER
Terms of availability 150.00
International Standard Book Number 8190218808
035 ## - SYSTEM CONTROL NUMBER
System control number B-246001
037 ## - SOURCE OF ACQUISITION
Source of stock number/acquisition Cen Lib/Ret
040 ## - CATALOGING SOURCE
Original cataloging agency DPL
Language of cataloging HN
082 ## - DEWEY DECIMAL CLASSIFICATION NUMBER
Classification number 363.7
Item number त्रिपाठी
100 ## - MAIN ENTRY--PERSONAL NAME
Personal name त्रिपाठी, मधुसूदन
9 (RLIN) 40
245 ## - TITLE STATEMENT
Title पर्यावरण और प्रदूषण /
Statement of responsibility, etc मधुसूदन त्रिपाठी
246 ## - VARYING FORM OF TITLE
Title proper/short title Paryavaran aur pradushan /
Remainder of title by Madhusudan Tripathi
260 ## - PUBLICATION, DISTRIBUTION, ETC. (IMPRINT)
Name of publisher, distributor, etc एक्सप्रेस बुक सर्विस
Place of publication, distribution, etc दिल्ली
Date of publication, distribution, etc 2008
270 ## - ADDRESS
City दिल्ली
Postal code 110054
Address 32, भार्गव लेन, नित्यानंद मार्ग, सिविल लाइन
300 ## - PHYSICAL DESCRIPTION
Extent 136पृ. :
Dimensions 20सेमी(सजिल्द)
Other physical details सचित्र
650 ## - SUBJECT ADDED ENTRY--TOPICAL TERM
Topical term or geographic name as entry element प्रदूषण -- क्या और कैसे?
9 (RLIN) 84681
650 ## - SUBJECT ADDED ENTRY--TOPICAL TERM
Topical term or geographic name as entry element पर्यावरणीय शिक्षा
9 (RLIN) 1670
650 ## - SUBJECT ADDED ENTRY--TOPICAL TERM
Topical term or geographic name as entry element Pollution - what and how?
9 (RLIN) 84682
650 ## - SUBJECT ADDED ENTRY--TOPICAL TERM
Topical term or geographic name as entry element Environmental education
9 (RLIN) 13681
942 ## - ADDED ENTRY ELEMENTS (KOHA)
Source of classification or shelving scheme Dewey Decimal Classification
Koha item type Hindi Books
Classification part 363.7
Call number suffix त्रिपाठी
Holdings
Withdrawn status Lost status Damaged status Not for loan Home library Current library Date acquired Source of acquisition Cost, normal purchase price Total Checkouts Full call number Barcode Date last seen Copy number Cost, replacement price Price effective from Koha item type
        Central Library Central Library 16/09/2015 Cen Lib/Ret 150.00   363.7 त्रिपाठी B-246001 16/09/2015 1 150.00 16/09/2015 Hindi Books

© Delhi Public Library
Hit Counter
free hit counter